The 'West' Game Quiz Stats

 Plays Quiz Updated Mar 13, 2019

Score 0/20 Timer 06:00
0 Plays Today
Hint Answer % Correct
Admitted to the Union in 1863 as the 35th stateWest Virginia
95.1%
American rapper, singer, record producer, and Taylor Swift interrupterKanye West
91.9%
Primary antagonist in L. Frank Baum's 'The Wonderful Wizard of Oz'Wicked Witch of the West
89.7%
United States Military Academy in New York stateUnited States Military Academy at West Point
80.6%
Musical that introduced the songs 'Maria,' 'I Feel Pretty,' and 'America'West Side Story
80%
First man to portray Batman in a feature film...KA-POW!Adam West
77.9%
World's largest hotel chainBest Western
76.8%
American TV drama created by Aaron Sorkin, starring Martin SheenThe West Wing
76.3%
Infection transmitted by mosquitoesWest Nile Virus
74.9%
1960s CBS TV western later remade into a film starring Will Smith and Kevin KlineThe Wild Wild West
74.6%
Hint Answer % Correct
Southernmost Florida town; popular tourist destinationKey West
71.8%
Eggs, diced ham, onions, and green bell peppersWestern Omelette
69.3%
Territory contested by Palestinians & IsraelisWest Bank
64.7%
Archipelago encompassing the islands of Barbados, Antigua, and St. LuciaWest Indies
56.4%
Actress who invited Cary to come up and see her sometime in 'She Done Him Wrong' Mae West
53.8%
One time telegraph company; one of the original companies listed on the New York Stock ExchangeWestern Union
48.1%
State Down Under whose capital is PerthWestern Australia
45.8%
1980s pop song by the Pet Shop BoysWest End Girls
40.9%
Disputed territory in northwest Africa; borders MoroccoWestern Sahara
39.1%
Third film to win an Oscar for best pictureAll Quiet on the Western Front
21%

You're not logged in!

Compare scores with friends on all Sporcle quizzes.
OR
Log In

Sporcle TV

Today on Sporcle TV


Watch our educational content, quiz creation guides, and fun videos on Sporcle TV.

Show Comments

Extras

Top Quizzes Today


Score Distribution

Your Account Isn't Verified!

In order to create a playlist on Sporcle, you need to verify the email address you used during registration. Go to your Sporcle Settings to finish the process.

Report this User

Report this user for behavior that violates our Community Guidelines.

Details: